El interés concursal (Registro nro. 21291)

Detalles MARC
000 -LEADER
fixed length control field 00307 a2200109 4500
001 - CONTROL NUMBER
control field ART_48740
005 - DATE AND TIME OF LATEST TRANSACTION
control field 20260410161809.0
008 - FIXED-LENGTH DATA ELEMENTS--GENERAL INFORMATION
fixed length control field 260409a
100 1# - MAIN ENTRY--PERSONAL NAME
Personal name Vaiser, Lidia
245 10 - TITLE STATEMENT
Title El interés concursal
773 0# - HOST ITEM ENTRY
Title Doctrina Societaria y Concursal
Related parts - N° 377 (abr. 2019)
Record control number REV4298

No hay ítems disponibles.